000 00386nam a22001577a 4500
003 LK-CoDNM
005 20240815125216.0
008 240815b |||||||| |||| 00| 0 eng d
040 _aLK-CoDNM
_dLK-CoDNM
_eLK-CoDNM
080 _a9
_bN10
100 _aARMOUR REV A
245 _aCHRISTIAN INSTITUTES;
260 _aCOLOMBO
_bWESLEYAN
_c1824
300 _a407P. ; 19 cm
942 _cBK
999 _c147984
_d147984